000
00282nam a2200121Ia 4500
100
_a
Ramo Simon
942
_c
BK
654
_a
Electronics
245
_a
Fields and Waves in Communications Electronics
260
_b
John Wiley
_a
New York
_c
1984
546
_a
ENGLISH
999
_c
32995
_d
32995